| 000 | 00893nas a2200289 4500 | ||
|---|---|---|---|
| 001 | BR2014002059 | ||
| 003 | BR-BrBNA | ||
| 005 | 20231205123924.0 | ||
| 007 | ta | ||
| 008 | 230509b bl.|||p| |||| 00| 00por d | ||
| 040 |
_aBR-BrBNA _bpor _cBiblioteca Nacional de Agricultura |
||
| 041 | _a(Pt) | ||
| 072 | _aP35; P33; F04 | ||
| 100 | 1 | _aMagalhães, R.T. de | |
| 100 | 1 | _aKliemann, H.J. | |
| 100 | 1 | _aOliveira, I.P. de | |
| 245 | 1 | _aEvolução das propriedades físicas de solos submetidos ao manejo do sistema barreirão | |
| 650 | _aCAPIM BRACHIARIA | ||
| 650 | _aFÍSICA DO SOLO | ||
| 650 | _aARROZ | ||
| 650 | _aCALCÁRIO | ||
| 650 | _aFERTILIDADE DO SOLO | ||
| 650 | _aADUBAÇÃO | ||
| 773 | 0 |
_tPesquisa Agropecuária Tropical (Brazil) _xISSN 1517-6398 _g(Jan-Jun 2001), v. 31(1) p. 7-13 _wBR2014002059 |
|
| 909 |
_a202311 _bLúcia _c55 _dLúcia Elande |
||
| 942 |
_2AGRIS _n0 _cANA |
||
| 999 |
_c236399 _d236399 |
||